| 000 | 00425pab a2200133 454500 | ||
|---|---|---|---|
| 008 | 180718b xxu||||| |||| 00| 0 eng d | ||
| 100 | _aChakravarti Ila | ||
| 245 | _aHealth care services and urban slum dwellers - a slum in Udaipur | ||
| 362 | _a74(2 1994), Jan 1994, p.283-91 | ||
| 650 | _a Slums -- India -- Rajasthan | ||
| 650 | _aMedical Care -- India -- Rajasthan | ||
| 773 | _aIndian Journal of Economics | ||
| 909 | _a27444 | ||
| 999 |
_c27444 _d27444 |
||